000 01197nam1a2200325 4500
001 RU\NLR\b_ik\130417
005 20050620102747.0
035 _a(NLR Aleph) 002203781
090 _a3075836
_c3075836
100 _a20260409 rusy50
101 0 _aeng
102 _aRU
105 _a||||z |||||
200 1 _aA modern comedy
_e[A trilogy]
_fJohn Galsworthy
210 _aМосква
_cМенеджер
_d2004
215 _d20
300 _aНа обл. только авт. и частное загл. тома
300 _aВ вып. дан.: Современная комедия / Дж. Голуорси
463 0 _1001RU\NLR\b_ik\129865
517 0 _aСовременная комедия
541 0 _aСовременная комедия
_eТрилогия
_zrus
606 1 _aАнглийский язык
_jУчебные издания
_2nlr-sh2
_3RU\NLR\AUTH\6646032
686 4 _aШ6(4Вл)61-440.4{Лх1298.1-50}
686 4 _aШ143.21-93рус91
700 1 _6z45510
_aGalsworthy
_bJ.
_f1867-1933
_gJohn
_3RU\NLR\auth\77121209
_4070
_7ba
801 0 _aRU
_bNLR
_c20050616
_gPSBO
852 _aNLR
_bИк
_j2005-3/716
942 _cBOOK
980 _aNB